[Event "Dimitrovgrad Caribrod op"]
[Site "Dimitrovgrad"]
[Date "2024.03.30"]
[Round "4"]
[White "Kostic, Milutin B"]
[Black "Belke, Frank"]
[Result "1/2-1/2"]
[WhiteElo "1988"]
[BlackElo "2163"]
[PlyCount "94"]
[EventDate "2024.03.29"]
[EventType "swiss"]
[EventRounds "7"]
[EventCountry "SRB"]
[SourceTitle "CB16_2024"]
[SourceDate "2024.04.17"]
[SourceVersion "1"]
[SourceVersionDate "2024.04.17"]
[SourceQuality "1"]

1. d4 Nf6 2. Nf3 g6 3. Bg5 Ne4 4. Bh4 Bg7 5. Nbd2 d5 6. e3 c5 7. c3 Nxd2 8. Qxd2 cxd4 9. cxd4 0-0 10. Bd3 Nc6 11. h3 Be6 12. 0-0 Qd7 13. Rac1 Rfc8 14. b4 a6 15. b5 axb5 16. Bxb5 f6 17. a4 Qd8 18. Rc5 Na5 19. Rxc8 Rxc8 20. Rc1 Nc4 21. Qb4 Nd6 22. Rxc8 Qxc8 23. Bg3 Nf5 24. Bh2 h5 25. Qc5 Qxc5 26. dxc5 Bc8 27. g4 hxg4 28. hxg4 Nh6 29. g5 Nf7 30. gxf6 Bxf6 31. c6 Kf8 32. Nd4 e5 33. Ne6+ Ke7 34. cxb7 Bxb7 35. Nc5 Ba8 36. Nd7 Bb7 37. Nc5 Bc8 38. a5 Kd6 39. Nd3 Ng5 40. Kg2 Ne6 41. f4 exf4 42. Nxf4 Nxf4+ 43. Bxf4+ Kc5 44. Bd3 g5 45. Bc7 Kc6 46. Bb6 Be5 47. Bd8 Bc7 1/2-1/2

[Event "Dimitrovgrad Caribrod op"]
[Site "Dimitrovgrad"]
[Date "2024.03.30"]
[Round "3"]
[White "Kostic, Milutin B"]
[Black "Manakova, Maria"]
[Result "1-0"]
[WhiteElo "1988"]
[BlackElo "2148"]
[PlyCount "66"]
[EventDate "2024.03.29"]
[EventType "swiss"]
[EventRounds "7"]
[EventCountry "SRB"]
[SourceTitle "CB16_2024"]
[SourceDate "2024.04.17"]
[SourceVersion "1"]
[SourceVersionDate "2024.04.17"]
[SourceQuality "1"]

1. d4 e6 2. Nf3 f5 3. g3 Nf6 4. Bg2 b6 5. Ne5 c6 6. c4 Bb7 7. Nc3 Bb4 8. 0-0 0-0 9. Qb3 Bxc3 10. Qxc3 d6 11. Nd3 Ne4 12. Qc2 c5 13. Nf4 Re8 14. d5 exd5 15. cxd5 Qd7 16. f3 Nf6 17. e4 Ba6 18. Re1 Qf7 19. Ne6 fxe4 20. fxe4 Nc6 21. dxc6 Qxe6 22. Bd2 Bb5 23. Bc3 Bxc6 24. e5 dxe5 25. Rxe5 Qd7 26. Rd1 Qb7 27. Rg5 Bxg2 28. Bxf6 Qe4 29. Rxg7+ Kf8 30. Qxg2 Qxg2+ 31. Kxg2 Re2+ 32. Kh3 Rf2 33. Rxh7 Ke8 1-0

[Event "Arandjelovac op 2nd"]
[Site "Arandjelovac"]
[Date "2023.08.05"]
[Round "8"]
[White "Kostic, Milutin B"]
[Black "Ivanovic, Milan J"]
[Result "1/2-1/2"]
[WhiteElo "2019"]
[BlackElo "1625"]
[PlyCount "54"]
[EventDate "2023.07.31"]
[EventType "swiss"]
[EventRounds "9"]
[EventCountry "SRB"]
[SourceTitle "CBM 215 Extra"]
[Source "ChessBase"]
[SourceDate "2023.09.30"]
[SourceVersion "1"]
[SourceVersionDate "2023.09.30"]
[SourceQuality "1"]

1. d4 Nf6 2. Nf3 g6 3. c4 Bg7 4. g3 0-0 5. Bg2 d6 6. 0-0 Nc6 7. Nc3 e5 8. dxe5 Nxe5 9. Nxe5 dxe5 10. Qxd8 Rxd8 11. Bg5 Rd4 12. Rac1 c6 13. b3 Bf5 14. h3 h6 15. Be3 Rdd8 16. Rfd1 a6 17. g4 Be6 18. Na4 Bf8 19. Nc5 Bxc5 20. Bxc5 Rd7 21. Rxd7 Nxd7 22. Be3 g5 23. b4 Nf6 24. Bb6 Nd7 25. Bc7 Rc8 26. Bd6 Nb6 27. c5 Nc4 1/2-1/2

[Event "Belgrade Serbia op"]
[Site "Belgrade"]
[Date "2023.07.23"]
[Round "8"]
[White "Yang, Maxwell"]
[Black "Kostic, Milutin B"]
[Result "1/2-1/2"]
[WhiteElo "1806"]
[BlackElo "2048"]
[PlyCount "62"]
[EventDate "2023.07.16"]
[EventType "swiss"]
[EventRounds "9"]
[EventCountry "SRB"]
[SourceTitle "EXT 2024"]
[Source "ChessBase"]
[SourceDate "2023.10.10"]
[SourceVersion "1"]
[SourceVersionDate "2023.10.10"]
[SourceQuality "1"]

1. d4 Nf6 2. c4 e6 3. Nc3 Bb4 4. e3 c5 5. Nge2 d5 6. a3 Bxc3+ 7. Nxc3 cxd4 8. exd4 dxc4 9. Bxc4 Nc6 10. Be3 0-0 11. 0-0 b6 12. d5 Na5 13. Ba2 exd5 14. Nxd5 Bb7 15. Nxf6+ Qxf6 16. Qg4 Nc6 17. b4 Rac8 18. Rac1 Ba6 19. Rfd1 Ne5 20. Qh3 Rxc1 21. Rxc1 Nd3 22. Bb1 Rd8 23. Bxd3 Rxd3 24. Qg3 Qd8 25. h3 Rd1+ 26. Rxd1 Qxd1+ 27. Kh2 Qd7 28. Bd4 f5 29. Qb8+ Bc8 30. Qe5 h6 31. Bc3 Kh7 1/2-1/2

[Event "Belgrade Serbia op"]
[Site "Belgrade"]
[Date "2023.07.21"]
[Round "6"]
[White "Efremov, Vladislav"]
[Black "Kostic, Milutin B"]
[Result "1/2-1/2"]
[WhiteElo "2356"]
[BlackElo "2048"]
[PlyCount "58"]
[EventDate "2023.07.16"]
[EventType "swiss"]
[EventRounds "9"]
[EventCountry "SRB"]
[SourceTitle "CBM 215 Extra"]
[Source "ChessBase"]
[SourceDate "2023.09.30"]
[SourceVersion "1"]
[SourceVersionDate "2023.09.30"]
[SourceQuality "1"]

1. d4 d5 2. c4 c6 3. Nf3 Nf6 4. Nc3 dxc4 5. a4 Bg4 6. Ne5 Bh5 7. g3 e6 8. Bg2 a5 9. 0-0 Be7 10. Nxc4 Na6 11. h3 Nd7 12. Bf4 0-0 13. Qd2 Nb4 14. e4 Nb6 15. b3 f6 16. Be3 Nd7 17. g4 Bf7 18. f4 e5 19. fxe5 Bxc4 20. bxc4 fxe5 21. Rxf8+ Bxf8 22. Rd1 Qc7 23. d5 Bc5 24. Bxc5 Nxc5 25. Qe3 Qb6 26. Rb1 Nxa4 27. Qxb6 Nxb6 28. c5 Nd7 29. Na4 Nd3 1/2-1/2

[Event "Belgrade Serbia op"]
[Site "Belgrade"]
[Date "2023.07.20"]
[Round "5"]
[White "Kostic, Milutin B"]
[Black "Lapitsky, Sergey"]
[Result "1/2-1/2"]
[WhiteElo "2048"]
[BlackElo "1750"]
[PlyCount "78"]
[EventDate "2023.07.16"]
[EventType "swiss"]
[EventRounds "9"]
[EventCountry "SRB"]
[SourceTitle "CBM 215 Extra"]
[Source "ChessBase"]
[SourceDate "2023.09.30"]
[SourceVersion "1"]
[SourceVersionDate "2023.09.30"]
[SourceQuality "1"]

1. d4 d5 2. Nf3 Nf6 3. c4 c6 4. cxd5 cxd5 5. Nc3 Nc6 6. Bf4 a6 7. Rc1 Bf5 8. e3 e6 9. Qb3 Bb4 10. Be2 0-0 11. 0-0 Bd6 12. Bxd6 Qxd6 13. Na4 b5 14. Nc5 Ne4 15. Nxe4 Bxe4 16. Rc5 Bxf3 17. gxf3 Ne7 18. Rfc1 e5 19. Qc3 Qg6+ 20. Kh1 e4 21. f4 Qe6 22. Qa5 f5 23. Qc7 Rac8 24. Qe5 Qxe5 25. fxe5 Rxc5 26. Rxc5 Rc8 27. Rxc8+ Nxc8 28. a4 Na7 29. Kg2 Kf7 30. h4 h6 31. h5 g5 32. hxg6+ Kxg6 33. Kg3 Kg5 34. f3 bxa4 35. Bxa6 Nc6 36. Bb5 Na5 37. Bxa4 Nc4 38. f4+ Kg6 39. Be8+ Kg7 1/2-1/2

[Event "EU-ch 23rd"]
[Site "Vrnjacka Banja"]
[Date "2023.03.09"]
[Round "7"]
[White "Kostic, Milutin B"]
[Black "Mitrovic, Marjan"]
[Result "1/2-1/2"]
[WhiteElo "2049"]
[BlackElo "2208"]
[PlyCount "64"]
[EventDate "2023.03.03"]
[EventType "swiss"]
[EventRounds "11"]
[EventCountry "SRB"]
[SourceTitle "CBM 213"]
[Source "ChessBase"]
[SourceDate "2023.04.30"]
[SourceVersion "1"]
[SourceVersionDate "2023.04.30"]
[SourceQuality "1"]

1. d4 Nf6 2. Nf3 e6 3. c4 b6 4. g3 Ba6 5. b3 Bb4+ 6. Bd2 Be7 7. Bg2 0-0 8. Nc3 d5 9. Ne5 c6 10. cxd5 cxd5 11. 0-0 Nfd7 12. Nf3 Nc6 13. Qc1 Rc8 14. Qb2 Nf6 15. Rfd1 Ne4 16. Be1 f5 17. e3 Bd6 18. a4 Qd7 19. Nb5 Bb8 20. Bf1 Bb7 21. Rac1 a6 22. Nc3 Rf6 23. Ne2 g5 24. Ne5 Bxe5 25. dxe5 Rh6 26. f3 Nc5 27. a5 Qf7 28. axb6 Nd7 29. f4 Nxb6 30. Nd4 Qh5 31. Nxc6 Rxc6 32. Qe2 Qe8 1/2-1/2

[Event "SRB-ch sf"]
[Site "Novi Banovci"]
[Date "2023.02.10"]
[Round "7"]
[White "Kostic, Milutin B"]
[Black "Rabrenovic, Vladan"]
[Result "1/2-1/2"]
[WhiteElo "2041"]
[BlackElo "2229"]
[PlyCount "48"]
[EventDate "2023.02.06"]
[EventType "swiss"]
[EventRounds "9"]
[EventCountry "SRB"]
[SourceTitle "CBM 212 Extra"]
[Source "ChessBase"]
[SourceDate "2023.03.31"]
[SourceVersion "1"]
[SourceVersionDate "2023.03.31"]
[SourceQuality "1"]

1. d4 d6 2. Nf3 g6 3. g3 Bg7 4. Bg2 Nf6 5. c4 0-0 6. 0-0 Nc6 7. Nc3 Bf5 8. d5 Na5 9. Nd4 Bd7 10. b3 c5 11. dxc6 bxc6 12. Bb2 Rb8 13. Rb1 c5 14. Nc2 Nc6 15. Qd2 Qc8 16. Ne3 Bh3 17. Ncd5 Bxg2 18. Nxf6+ Bxf6 19. Kxg2 Bxb2 20. Rxb2 a5 21. Nd5 Qb7 22. f3 Nb4 23. Nc3 Rfd8 24. Qe3 Nc6 1/2-1/2

[Event "SRB-ch sf"]
[Site "Novi Banovci"]
[Date "2023.02.06"]
[Round "1"]
[White "Ivanovic, Marko"]
[Black "Kostic, Milutin B"]
[Result "1-0"]
[WhiteElo "2298"]
[BlackElo "2041"]
[PlyCount "95"]
[EventDate "2023.02.06"]
[EventType "swiss"]
[EventRounds "9"]
[EventCountry "SRB"]
[SourceTitle "CBM 212 Extra"]
[Source "ChessBase"]
[SourceDate "2023.03.31"]
[SourceVersion "1"]
[SourceVersionDate "2023.03.31"]
[SourceQuality "1"]

1. e4 c6 2. d4 d5 3. Nc3 dxe4 4. Nxe4 Nd7 5. Nf3 Ngf6 6. Nxf6+ Nxf6 7. c3 Bg4 8. h3 Bxf3 9. Qxf3 e6 10. Bc4 Be7 11. g3 Nd5 12. h4 a5 13. Bd2 Nb6 14. Bd3 a4 15. 0-0 0-0 16. Qe4 g6 17. c4 c5 18. Bc3 cxd4 19. Bxd4 Nd7 20. Bc2 Qc7 21. b3 Rfd8 22. Rad1 Bc5 23. Rfe1 Bxd4 24. Qxd4 axb3 25. axb3 Qc5 26. Qb2 Qb4 27. h5 Nb6 28. Qf6 Qf8 29. hxg6 hxg6 30. Kg2 Re8 31. Be4 Rab8 32. c5 Nc8 33. Bxg6 Qg7 34. Qxg7+ Kxg7 35. Be4 Kf8 36. Rd7 Re7 37. Red1 Na7 38. b4 Nc6 39. b5 Na5 40. R7d3 f5 41. Bf3 Rc7 42. Rc3 b6 43. c6 Nb7 44. cxb7 Rxc3 45. Rd7 Rc5 46. Bc6 Ke8 47. f4 Rc2+ 48. Rd2+ 1-0

[Event "Mramorak Autumn Schev 2"]
[Site "Mramorak"]
[Date "2022.12.12"]
[Round "4.1"]
[White "Kostic, Milutin B"]
[Black "Saponja, Vladimir"]
[Result "1-0"]
[WhiteElo "1994"]
[BlackElo "1808"]
[PlyCount "67"]
[EventDate "2022.12.11"]
[EventType "schev"]
[EventRounds "10"]
[EventCountry "SRB"]
[SourceTitle "CBM 211 Extra"]
[Source "ChessBase"]
[SourceDate "2023.01.31"]
[SourceVersion "1"]
[SourceVersionDate "2023.01.31"]
[SourceQuality "1"]
[WhiteTeam "Team B"]
[BlackTeam "Team A"]
[WhiteTeamCountry "SRB"]
[BlackTeamCountry "SRB"]

1. d4 g6 2. Nf3 Bg7 3. g3 Nf6 4. c4 d6 5. Bg2 0-0 6. 0-0 c6 7. Nc3 Qc7 8. e4 e5 9. h3 a5 10. Re1 Be6 11. b3 Na6 12. Be3 Rab8 13. Rc1 Ne8 14. Qd2 f5 15. dxe5 dxe5 16. Nd5 Qd7 17. exf5 Bxf5 18. Nb6 Qc7 19. g4 Rd8 20. Qxa5 Bc8 21. Qa3 Nd6 22. Nxc8 Qxc8 23. Bb6 Qe6 24. Bxd8 Rxd8 25. Rcd1 Nf7 26. Rxd8+ Nxd8 27. Ng5 Qf6 28. Ne4 Qf4 29. Qe7 Nf7 30. Qxb7 Nc5 31. Nxc5 Qd2 32. Qc8+ Bf8 33. Rf1 Qd6 34. Ne6 1-0

[Event "Novi Sad Serbia op-B"]
[Site "Novi Sad"]
[Date "2022.07.01"]
[Round "4"]
[White "Bakvic, Zoran"]
[Black "Kostic, Milutin B"]
[Result "1/2-1/2"]
[WhiteElo "1938"]
[BlackElo "2090"]
[PlyCount "82"]
[EventDate "2022.06.28"]
[EventType "swiss"]
[EventRounds "9"]
[EventCountry "SRB"]
[SourceTitle "EXT 2023"]
[Source "ChessBase"]
[SourceDate "2022.10.05"]
[SourceVersion "1"]
[SourceVersionDate "2022.10.05"]
[SourceQuality "1"]

1. Nf3 Nf6 2. e3 d5 3. h3 g6 4. d4 c5 5. b3 Bg7 6. Bd3 0-0 7. 0-0 Nc6 8. c3 Ne4 9. Bb2 e5 10. dxe5 Nxe5 11. Nxe5 Bxe5 12. f4 Bg7 13. Qf3 Qe7 14. Rc1 b6 15. Rc2 Bb7 16. Bxe4 dxe4 17. Qe2 Rfd8 18. c4 Bxb2 19. Rxb2 Rd3 20. Nd2 Rad8 21. Nf1 Qd6 22. Rbb1 Bc6 23. Qg4 h5 24. Qg5 Be8 25. Re1 f6 26. Qh4 Qe7 27. g4 g5 28. Qf2 h4 29. Re2 Bc6 30. Rc1 R8d7 31. Rcc2 Qd8 32. fxg5 fxg5 33. Qf5 R7d6 34. Rf2 Qe7 35. Qc8+ Kg7 36. Qb8 Rd8 37. Qh2 Qd6 38. Qxd6 R3xd6 39. Rf5 Kg6 40. Rcf2 Bd7 41. Re5 Re8 1/2-1/2

[Event "SRB-ch sf"]
[Site "Paracin"]
[Date "2022.03.18"]
[Round "2"]
[White "Novakovic, Aleksandar S"]
[Black "Kostic, Milutin B"]
[Result "0-1"]
[WhiteElo "1749"]
[BlackElo "2096"]
[PlyCount "68"]
[EventDate "2022.03.17"]
[EventType "swiss"]
[EventRounds "9"]
[EventCountry "SRB"]
[SourceTitle "CBM 207 Extra"]
[Source "ChessBase"]
[SourceDate "2022.05.31"]
[SourceVersion "1"]
[SourceVersionDate "2022.05.31"]
[SourceQuality "1"]

1. e4 c6 2. d4 d5 3. Nc3 g6 4. Be3 Bg7 5. Qd2 dxe4 6. Nxe4 Nd7 7. Nf3 Ngf6 8. Ng3 Nb6 9. Bh6 Bxh6 10. Qxh6 Bg4 11. c3 Bxf3 12. gxf3 Qd5 13. Qf4 Rd8 14. Ne4 Qe6 15. Qe5 Qxe5 16. dxe5 Nxe4 17. fxe4 Nd7 18. 0-0-0 Nxe5 19. Rxd8+ Kxd8 20. f4 Ng4 21. Bg2 e6 22. h3 Nf6 23. f5 e5 24. Kd2 Rg8 25. fxg6 hxg6 26. Bf3 Ke7 27. Ke3 Rh8 28. b4 Nd7 29. Bg4 Nb6 30. Rd1 Nc4+ 31. Ke2 Nd6 32. c4 f5 33. exf5 gxf5 34. c5 Ne4 0-1

[Event "Paracin op 01"]
[Site "Paracin"]
[Date "2022.01.21"]
[Round "7"]
[White "Kostic, Milutin B"]
[Black "Zlatkov, Anton"]
[Result "0-1"]
[WhiteElo "2123"]
[BlackElo "2014"]
[PlyCount "74"]
[EventDate "2022.01.17"]
[EventType "swiss"]
[EventRounds "9"]
[EventCountry "SRB"]
[SourceTitle "CBM 206 Extra"]
[Source "ChessBase"]
[SourceDate "2022.03.31"]
[SourceVersion "1"]
[SourceVersionDate "2022.03.31"]
[SourceQuality "1"]

1. d4 Nf6 2. Nf3 g6 3. c4 Bg7 4. g3 0-0 5. Bg2 d6 6. 0-0 Nbd7 7. Nc3 e5 8. e4 c6 9. Rb1 Qb6 10. b3 exd4 11. Na4 Qc7 12. Nxd4 Re8 13. Re1 Nc5 14. Nc3 Qb6 15. f3 Nfxe4 16. fxe4 Bg4 17. Qxg4 Bxd4+ 18. Kh1 Bxc3 19. Rd1 Qa6 20. a3 Be5 21. Bf1 Bg7 22. Bg2 Rad8 23. Bg5 Ra8 24. a4 Re6 25. Be3 f5 26. Qh4 Nxe4 27. Rd3 Rae8 28. Bg1 d5 29. Bf1 Qa5 30. Qf4 Be5 31. Qh6 Bg7 32. Qf4 d4 33. Bxd4 Bxd4 34. Rxd4 Qe5 35. Qxe5 Rxe5 36. Rd7 R5e7 37. Rd4 c5 0-1

[Event "Paracin op 01"]
[Site "Paracin"]
[Date "2022.01.18"]
[Round "3"]
[White "Lazic, Emanuel"]
[Black "Kostic, Milutin B"]
[Result "1-0"]
[WhiteElo "1966"]
[BlackElo "2123"]
[PlyCount "79"]
[EventDate "2022.01.17"]
[EventType "swiss"]
[EventRounds "9"]
[EventCountry "SRB"]
[SourceTitle "CBM 206 Extra"]
[Source "ChessBase"]
[SourceDate "2022.03.31"]
[SourceVersion "1"]
[SourceVersionDate "2022.03.31"]
[SourceQuality "1"]

1. e4 g6 2. d4 Bg7 3. Nf3 c6 4. Bd3 d5 5. c3 dxe4 6. Bxe4 Nf6 7. Bd3 Bg4 8. h3 Bxf3 9. Qxf3 Qd5 10. Qxd5 cxd5 11. 0-0 Nc6 12. Bf4 0-0 13. Re1 e6 14. Nd2 Rfc8 15. Nb3 Nd7 16. Bb5 Bf8 17. a4 a6 18. Bd3 Re8 19. Rad1 Nb6 20. Ra1 Nd7 21. Rad1 Rac8 22. g4 Nb6 23. Ra1 Nc4 24. Bxc4 dxc4 25. Nd2 Ne7 26. Bd6 Nd5 27. Bxf8 Rxf8 28. a5 Nf4 29. Re3 Rc6 30. Ra4 Rfc8 31. g5 Kg7 32. Rf3 Nd5 33. Ne4 b5 34. axb6 Rxb6 35. Nc5 Rcc6 36. Ra2 Nc7 37. Nd7 Rb5 38. Ne5 Rcb6 39. Rxf7+ Kg8 40. Rxc7 1-0

[Event "Belgrade Trophy 35th"]
[Site "Belgrade"]
[Date "2021.11.25"]
[Round "2"]
[White "Kostic, Milutin B"]
[Black "Petrovic, Teodor"]
[Result "1/2-1/2"]
[WhiteElo "2133"]
[BlackElo "1762"]
[PlyCount "42"]
[EventDate "2021.11.24"]
[EventType "swiss"]
[EventRounds "9"]
[EventCountry "SRB"]
[SourceTitle "CBM 205 Extra"]
[Source "ChessBase"]
[SourceDate "2022.01.31"]
[SourceVersion "1"]
[SourceVersionDate "2022.01.31"]
[SourceQuality "1"]

1. Nf3 Nf6 2. c4 e6 3. g3 d5 4. d4 Be7 5. Bg2 c6 6. Qc2 h6 7. 0-0 0-0 8. Rd1 Nbd7 9. b3 Ne4 10. Ne5 f5 11. Ng6 Rf7 12. Nxe7+ Qxe7 13. Ba3 Qd8 14. f3 Nef6 15. Nc3 Nf8 16. e4 fxe4 17. fxe4 Qa5 18. Bb2 Ng4 19. Rd2 dxc4 20. bxc4 Qh5 21. Bh1 e5 1/2-1/2

[Event "Belgrade Premier League"]
[Site "Belgrade"]
[Date "2021.10.09"]
[Round "8.1"]
[White "Govedarica, Radovan"]
[Black "Kostic, Milutin B"]
[Result "1-0"]
[WhiteElo "2285"]
[BlackElo "2116"]
[PlyCount "125"]
[EventDate "2021.10.01"]
[EventType "team-tourn"]
[EventRounds "11"]
[EventCountry "SRB"]
[SourceTitle "CBM 204 Extra"]
[Source "ChessBase"]
[SourceDate "2021.11.30"]
[SourceVersion "1"]
[SourceVersionDate "2021.11.30"]
[SourceQuality "1"]
[WhiteTeam "Belgrade Crvena Zvezda"]
[BlackTeam "Romanticari"]
[WhiteTeamCountry "SRB"]
[BlackTeamCountry "SRB"]

1. d4 d5 2. Nc3 Nf6 3. Bg5 Nbd7 4. Qd3 h6 5. Bf4 a6 6. Nf3 c5 7. e4 cxd4 8. Qxd4 dxe4 9. Nxe4 Nxe4 10. Qxe4 Nf6 11. Qe5 Ng4 12. Qc7 Qxc7 13. Bxc7 e6 14. Bb6 Bd7 15. h3 Nf6 16. Ne5 Rc8 17. 0-0-0 Bc5 18. Bxc5 Rxc5 19. Nxd7 Nxd7 20. Rd2 Ke7 21. Be2 Rhc8 22. Rhd1 R5c7 23. b3 g5 24. Kb2 Ne5 25. a4 Rd7 26. Rxd7+ Nxd7 27. a5 Ne5 28. c3 f5 29. b4 f4 30. Kb3 Rf8 31. Bf3 Nxf3 32. gxf3 Rf5 33. Re1 Rd5 34. Kc2 Kd6 35. Re4 Rb5 36. Re2 Kd7 37. Rd2+ Kc7 38. Kd1 Kc6 39. Kc2 Kc7 40. Rd4 Kc6 41. Re4 Kd6 42. Kd3 Kd7 43. Rd4+ Ke7 44. Ke4 b6 45. axb6 Rxb6 46. Rd2 Rc6 47. Rc2 Rb6 48. Rd2 Rc6 49. Kd3 Rd6+ 50. Kc2 Rb6 51. Kb3 a5 52. Ka4 axb4 53. cxb4 Ra6+ 54. Kb3 Rb6 55. Rd3 e5 56. Rd5 Ke6 57. Rd8 Kf5 58. Rc8 Rd6 59. b5 Rd3+ 60. Rc3 Rd2 61. Rc2 Rd3+ 62. Kc4 Rxf3 63. b6 1-0

[Event "Senta op 25th"]
[Site "Senta"]
[Date "2021.07.23"]
[Round "8"]
[White "Matsumura, Cocoro"]
[Black "Kostic, Milutin B"]
[Result "0-1"]
[WhiteElo "1924"]
[BlackElo "2146"]
[PlyCount "140"]
[EventDate "2021.07.17"]
[EventType "swiss"]
[EventRounds "9"]
[EventCountry "SRB"]
[SourceTitle "EXT 2022"]
[Source "ChessBase"]
[SourceDate "2021.10.06"]
[SourceVersion "1"]
[SourceVersionDate "2021.10.06"]
[SourceQuality "1"]

1. e4 g6 2. d4 Bg7 3. Nf3 c6 4. Be3 d5 5. e5 Bg4 6. Nbd2 e6 7. h3 Bxf3 8. Nxf3 Qb6 9. b3 Ne7 10. g4 h5 11. Bg2 hxg4 12. hxg4 Rxh1+ 13. Bxh1 Nd7 14. Ng5 Qb4+ 15. Kf1 Ng8 16. f4 Qc3 17. Bf2 Nh6 18. Bf3 0-0-0 19. Be1 Qe3 20. Qd2 Qxd2 21. Bxd2 Re8 22. Rc1 b6 23. c4 Kb7 24. Kg2 b5 25. cxb5 cxb5 26. f5 gxf5 27. gxf5 Nxf5 28. Nxf7 Rg8 29. Kf2 Rf8 30. Bh5 Nxd4 31. Bb4 Ra8 32. Be7 Nc6 33. Bd6 Nd8 34. Re1 Nc6 35. Bg4 Ndxe5 36. Nxe5 Bxe5 37. Bc5 Bd4+ 38. Bxd4 Nxd4 39. Ke3 Nc6 40. Kd2 Re8 41. Rh1 Kc7 42. Rh7+ Kd6 43. Be2 a6 44. a4 Nd4 45. Ra7 Nxb3+ 46. Kc3 bxa4 47. Rxa6+ Ke5 48. Rxa4 Nc5 49. Rh4 Ne4+ 50. Kd3 Nc5+ 51. Ke3 Ra8 52. Rh5+ Kd6 53. Rh6 Ra3+ 54. Kd4 Nb3+ 55. Kc3 Nc1+ 56. Kb4 Rb3+ 57. Ka4 Rg3 58. Ba6 Nd3 59. Bb5 Nc5+ 60. Kb4 Rb3+ 61. Ka5 Rb2 62. Be8 d4 63. Bh5 Rh2 64. Rh8 Ke5 65. Kb5 Ne4 66. Kc4 Nf6 67. Rd8 Rc2+ 68. Kd3 Rc3+ 69. Kd2 Nxh5 70. Ra8 Nf4 0-1

[Event "Senta op 25th"]
[Site "Senta"]
[Date "2021.07.21"]
[Round "6"]
[White "Phatak, Aanjaneya"]
[Black "Kostic, Milutin B"]
[Result "1-0"]
[WhiteElo "1769"]
[BlackElo "2146"]
[PlyCount "77"]
[EventDate "2021.07.17"]
[EventType "swiss"]
[EventRounds "9"]
[EventCountry "SRB"]
[SourceTitle "EXT 2022"]
[Source "ChessBase"]
[SourceDate "2021.10.06"]
[SourceVersion "1"]
[SourceVersionDate "2021.10.06"]
[SourceQuality "1"]

1. e4 c6 2. d4 d5 3. Nd2 dxe4 4. Nxe4 Nd7 5. Ng5 Ndf6 6. N1f3 Bf5 7. Bd3 Bxd3 8. Qxd3 e6 9. Ne5 Nh6 10. 0-0 Bd6 11. Nexf7 Nxf7 12. Nxe6 Qa5 13. Bd2 Qd5 14. Rae1 Kd7 15. Nxg7 b5 16. b3 b4 17. Nf5 Rhg8 18. f3 Bf8 19. a4 Ne8 20. Ne3 Qh5 21. d5 Rd8 22. Qa6 cxd5 23. Qxa7+ Nc7 24. Ng4 Qf5 25. Qd4 Rg6 26. Bxb4 Bxb4 27. Qxb4 Rd6 28. Ne3 Qg6 29. Qf4 h5 30. a5 Rf6 31. Qa4+ Kc8 32. b4 Ng5 33. Kh1 d4 34. Nc4 Rg8 35. Re7 Nge6 36. Rg1 Rxf3 37. g3 Rf2 38. Nd6+ Kb8 39. Qc6 1-0

[Event "SRB-ch sf"]
[Site "Paracin"]
[Date "2021.03.21"]
[Round "8"]
[White "Kostic, Milutin B"]
[Black "Vasic, Vladimir"]
[Result "0-1"]
[WhiteElo "2181"]
[BlackElo "2129"]
[PlyCount "118"]
[EventDate "2021.03.16"]
[EventType "swiss"]
[EventRounds "9"]
[EventCountry "SRB"]
[SourceTitle "CBM 201 Extra"]
[Source "ChessBase"]
[SourceDate "2021.05.31"]
[SourceVersion "1"]
[SourceVersionDate "2021.05.31"]
[SourceQuality "1"]

1. d4 d5 2. Nf3 Nf6 3. c4 dxc4 4. Qa4+ Qd7 5. Qxc4 Qc6 6. e3 Be6 7. Qxc6+ Nxc6 8. Bb5 Bd7 9. Nc3 a6 10. Be2 e6 11. 0-0 Bd6 12. e4 e5 13. dxe5 Nxe5 14. Nd4 0-0 15. h3 Nc6 16. Be3 Rfe8 17. Bd3 Ne5 18. Be2 Ng6 19. Bd3 Bf4 20. Bxf4 Nxf4 21. Bc2 Rad8 22. Rad1 b5 23. a3 c5 24. Nb3 b4 25. axb4 cxb4 26. Na2 a5 27. Nc5 Bb5 28. Rxd8 Rxd8 29. Rd1 Rc8 30. Ba4 Bxa4 31. Nxa4 Kf8 32. Re1 Nd7 33. Kf1 Ke7 34. Rc1 Rb8 35. h4 Kd6 36. g3 Ne6 37. f4 Nec5 38. Nxc5 Nxc5 39. Rc4 Kc6 40. Rd4 Rb7 41. Ke2 Rd7 42. Ke3 Rxd4 43. Kxd4 Kb5 44. e5 h5 45. f5 Kc6 46. Nc1 f6 47. e6 Nb7 48. Ke4 Nd6+ 49. Kf4 a4 50. g4 hxg4 51. Kxg4 Nc8 52. Kf4 Kd5 53. b3 axb3 54. Nxb3 Kc4 55. Na5+ Kc3 56. Nc6 b3 57. e7 Nxe7 58. Nxe7 b2 59. Nd5+ Kd4 0-1